Statistiques concernant Trophée Yachine 2021

Cliquez ici pour prendre le quiz!

Statistiques générales

  • Ce quiz a été pris 62 fois
  • Le résultat moyen est 7 sur 10

Statistiques - réponses

RangJoueursPoints% Correct
4Ederson93
93%
8Thibaut Courtois29
91%
1Gianluigi Donnarumma594
90%
5Manuel Neuer91
88%
2Édouard Mendy404
81%
3Jan Oblak155
76%
Keylor Navas29
64%
10Samir Handanovič8
41%
6Emiliano Martínez90
22%
7Kasper Schmeichel37
12%

Distribution des résultats

Percentile par nombre de réponses

% des personnes avec chaque résultat

Votre développement - résultats

Vous n’avez pas pris ce quiz